| 000 | 00584nam a2200205Ia 4500 | ||
|---|---|---|---|
| 001 | 9605 | ||
| 003 | GE_BSU | ||
| 008 | 181216s||||||||xx |||||||||||||| ||und|| | ||
| 040 | _cGE_BSU | ||
| 080 | _a821.353.1-1 | ||
| 100 | _aმელია,იაკობ | ||
| 245 | _aლექსები | ||
| 245 | _cრედ:ფ.ხალვაში;მხატვ:დ.ჯვარშეიშვილი | ||
| 260 | _aბათუმი. | ||
| 260 | _bსახელგამი | ||
| 260 | _c1955 | ||
| 300 | _a106გვ;15სმ. | ||
| 653 | _aლექსები | ||
| 942 | _cBK | ||
| 999 |
_c42891 _d42891 |
||